Support of Underground Excavations in Hard Rock (Record no. 600140)

MARC details
000 -LEADER
fixed length control field 00532nam a2200193 a 4500
008 - FIXED-LENGTH DATA ELEMENTS--GENERAL INFORMATION
fixed length control field 251204s2006##################000#0#eng##
020 ## - INTERNATIONAL STANDARD BOOK NUMBER
ISBN 9789054101864
Paper back/Hardbound hbk
041 ## - LANGUAGE CODE
Language code of text/sound track or separate title eng
082 04 - DEWEY DECIMAL CLASSIFICATION NUMBER
Classification number 624.19
Item number HOE
100 1# - MAIN ENTRY--AUTHOR NAME
Personal name Hoek, E
245 10 - TITLE STATEMENT
Title Support of Underground Excavations in Hard Rock
Statement of responsibility, etc / E. Hoek , P.K. Kaiser , W.F. Bawden
260 ## - PUBLICATION, DISTRIBUTION, ETC. (IMPRINT)
Name of publisher Taylor & Francis Group,
Year of publication 2006.
300 ## - PHYSICAL DESCRIPTION
Number of Pages 256 pages
650 #0 - SUBJECT ADDED ENTRY--TOPICAL TERM
Topical Term Science.
700 ## - ADDED ENTRY--PERSONAL NAME
Personal name Kaiser, P.K.
Personal name Bawden, W.F.
942 ## - ADDED ENTRY ELEMENTS (KOHA)
Koha item type English Books
Holdings
Withdrawn status Lost status Damaged status Not for loan Home library Current library Shelving location Date acquired Full call number Accession Number Price effective from Koha item type
        Anna Centenary Library Anna Centenary Library 6TH FLOOR, A WING 04.12.2025 624.19 HOE 177822 04.12.2025 English Books

Find us on the map